ბათუმის შოთა რუსთაველის სახელმწიფო უნივერსიტეტის ბიბლიოთეკა

ქართული საბჭოთა პოეზია (ბიბ.ჩანაწერი № 44257)

000 -LEADER
fixed length control field 00813nam a2200193Ia 4500
001 - CONTROL NUMBER
control field 11015
003 - CONTROL NUMBER IDENTIFIER
control field GE_BSU
008 - FIXED-LENGTH DATA ELEMENTS--GENERAL INFORMATION
fixed length control field 181216s||||||||xx |||||||||||||| ||und||
040 ## - CATALOGING SOURCE
Transcribing agency GE_BSU
245 ## - TITLE STATEMENT
Title ქართული საბჭოთა პოეზია
245 ## - TITLE STATEMENT
Statement of responsibility, etc. რედ. ა. ადამია; მხატ: ნ. ქართველიშვილი
260 ## - PUBLICATION, DISTRIBUTION, ETC.
Place of publication, distribution, etc. თბილისი
260 ## - PUBLICATION, DISTRIBUTION, ETC.
Name of publisher, distributor, etc. ლიტერატურა და ხელოვნება.
260 ## - PUBLICATION, DISTRIBUTION, ETC.
Date of publication, distribution, etc. 1967.
300 ## - PHYSICAL DESCRIPTION
Extent 150გვ.17სმ.
520 ## - SUMMARY, ETC.
Summary, etc. ირაკლი აბაშიძის, კარლო კალაძის და რევაზ მარგიანის რედაქციით
653 ## - INDEX TERM--UNCONTROLLED
Uncontrolled term ქართული საბჭოთა პოეზია
942 ## - ADDED ENTRY ELEMENTS (KOHA)
Koha item type წიგნი
ეგზემპლარები
Withdrawn status Lost status Damaged status Not for loan Date acquired Barcode Date last seen Price effective from Koha item type
        2018-12-17 35317 2018-12-17 2018-12-17 წიგნი